000
00255nam a2200097Ia 4500
008
220204s9999 xx 000 0 und d
082
_a
NR:63:581.2
_b
RUB
245
0
_a
Rubberinte pink rogam (Malayalam)
260
_a
Kottayam
_b
Rubber Board
_c
2007
942
_c
BK
999
_c
44386
_d
44386